The Mono Basin ecosystem : effects of changing lake level /

Bibliographic Details
Corporate Author: National Research Council (U.S.). Mono Basin Ecosystem Study Committee
Format: Book
Language:English
Published: Washington, D.C. : National Academy Press, 1987.
Subjects:

MARC

Tag First Indicator Second Indicator Subfields
LEADER 00000cam a2200000 a 4500
001 in00000008063
005 20151002070128.0
008 870828s1987 dcuab b 00100 eng d
010 |a  87062016  
020 |a 0309037778 
035 |a (OCoLC)16581918 
035 |9 AAA0418AM 
040 |a AZU  |c AZU  |d YAM  |d VPI  |d TXA  |d UtOrBLW 
043 |a n-us-ca 
050 4 |a QH105.C2  |b M65 1987 
245 0 4 |a The Mono Basin ecosystem :  |b effects of changing lake level /  |c Mono Basin Ecosystem Study Committee, Board on Environmental Studies and Toxicology, Commission on Physical Sciences, Mathematics, and Resources, National Research Council. 
264 1 |a Washington, D.C. :  |b National Academy Press,  |c 1987. 
300 |a xvi, 272 pages :  |b illustrations, maps ;  |c 23 cm. 
336 |a text  |b txt  |2 rdacontent 
337 |a unmediated  |b n  |2 rdamedia 
338 |a volume  |b nc  |2 rdacarrier 
504 |a Bibliography: pages 230-258. 
500 |a Includes index. 
651 0 |a Mono Lake (Calif.) 
651 0 |a Mono Lake (Calif.)  |x Water level. 
650 0 |a Lake ecology  |z California. 
650 0 |a Ecology  |z California  |z Mono Lake Region. 
710 2 |a National Research Council (U.S.).  |b Mono Basin Ecosystem Study Committee. 
999 |a MARS 
999 f f |s a70d5972-5cc7-35bf-9f5e-d82fda565c4b  |i 738d62bf-3062-3b08-ac50-215369a81f43  |t 0 
952 f f |p ric  |a Texas A&M University  |b Rellis Campus  |c Joint Library Facility  |d Remote Storage  |t 0  |e QH105.C2 M65 1987  |h Library of Congress classification  |i unmediated -- volume  |m A14810998626 
998 f f |a QH105.C2 M65 1987  |t 0  |l Remote Storage